000 00475nam a22001817a 4500
003 MPLRDC
005 20220104170938.0
008 210129b ||||| |||| 00| 0 eng d
020 _a983-62-0413-X
082 _a524.962 MUS 1995
100 _aFARIDA . IBRAHIM, BEATRICE THIYAGARAJAH
245 _aMOVING ON WITH ENGLISH, KBSR YEAR 6
_c
250 _a初版
260 _a
_bDEWAN BAHASA DAN PUSTAKA
_c1995
300 _b
650 _a
942 _cBK
_o524.962 MUS 1995
999 _c58202
_d58192